2 States (Record no. 354625)

MARC details
000 -LEADER
fixed length control field 00372nam a2200157Ia 4500
008 - FIXED-LENGTH DATA ELEMENTS--GENERAL INFORMATION
fixed length control field 230719s9999 xx 000 0 und d
041 ## - LANGUAGE CODE
Language code of text/sound track or separate title eng
082 ## - DEWEY DECIMAL CLASSIFICATION NUMBER
Classification number 823.3
Item number BHA
100 ## - MAIN ENTRY--PERSONAL NAME
Personal name Bhagat C.
9 (RLIN) 109656
245 ## - TITLE STATEMENT
Title 2 States
Remainder of title The Story Of My Marriage
260 ## - PUBLICATION, DISTRIBUTION, ETC. (IMPRINT)
Date of publication, distribution, etc. 2009
Name of publisher, distributor, etc. Rupa.Co
300 ## - PHYSICAL DESCRIPTION
Extent 269
365 ## - TRADE PRICE
Currency code Rs.
Price amount 95.00
700 ## - ADDED ENTRY--PERSONAL NAME
Personal name Bhagat C.
9 (RLIN) 109656
906 ## - LOCAL DATA ELEMENT F, LDF (RLIN)
b 47
Holdings
Withdrawn status Lost status Damaged status Not for loan Home library Current library Shelving location Date acquired Vendor Cost, normal purchase price Total Checkouts Total Renewals Full call number Barcode Date last seen Date last checked out Discount Cost, replacement price Bill Date Koha item type Original Barcode
        Cummins College of Engineering for Women Pune Cummins College of Engineering for Women Pune Donated Book 09/08/2021 Masurkar Enterprises 95.00 30 1 823.3 CCEP-DB-830 10/03/2026 26/02/2026 47 48.00 19/07/2023 Books D00830